[Event "TNMH"]
[Site "Universidade de Aveiro"]
[Date "2023.12.18"]
[Round "1.9"]
[White "Sousa, Pedro"]
[Black "Ferreira, Vasco"]
[Result "0-1"]
[BlackElo "1561"]
[WhiteElo "1170"]
[LiveChessVersion "1.4.8"]

1. e4 {[%clk 1:30:40]} e6 {[%clk 1:30:53]} 2. d4 {[%clk 1:31:03]} d5
{[%clk 1:31:15]} 3. Nc3 {[%clk 1:31:27]} Nf6 {[%clk 1:31:23]} 4. e5
{[%clk 1:31:49]} Nfd7 {[%clk 1:31:40]} 5. f4 {[%clk 1:32:08]} c5 {[%clk 1:31:04]}
6. Nf3 {[%clk 1:32:30]} Nc6 {[%clk 1:29:48]} 7. Be3 {[%clk 1:32:42]} a6
{[%clk 1:27:41]} 8. Qd2 {[%clk 1:30:15]} Be7 {[%clk 1:26:53]} 9. Be2
{[%clk 1:25:10]} b5 {[%clk 1:24:14]} 10. f5 {[%clk 1:04:45]} Ndxe5
{[%clk 1:05:24]} 11. dxe5 {[%clk 1:00:54]} d4 {[%clk 1:05:24]} 12. fxe6
{[%clk 1:01:00]} Bxe6 {[%clk 0:59:03]} 13. Nxd4 {[%clk 0:39:17]} cxd4
{[%clk 0:58:48]} 14. Bf3 {[%clk 0:39:40]} dxc3 {[%clk 0:34:15]} 15. Bxc6+
{[%clk 0:38:39]} Bd7 {[%clk 0:27:43]} 16. Bxd7+ {[%clk 0:35:41]} Qxd7
{[%clk 0:28:02]} 17. Qxc3 {[%clk 0:34:35]} Rc8 {[%clk 0:23:26]} 18. Qd3
{[%clk 0:32:46]} Qxd3 {[%clk 0:17:22]} 19. cxd3 {[%clk 0:33:01]} Rc2
{[%clk 0:17:46]} 20. Rc1 {[%clk 0:33:06]} Rxb2 {[%clk 0:17:32]} 21. Rc8+
{[%clk 0:33:08]} Bd8 {[%clk 0:17:56]} 22. Bb6 {[%clk 0:26:58]} Kd7
{[%clk 0:18:11]} 23. Rxd8+ {[%clk 0:27:12]} Rxd8 {[%clk 0:18:31]} 24. O-O
{[%clk 0:26:09]} Rc8 {[%clk 0:17:07]} 25. Rxf7+ {[%clk 0:25:53]} Ke6
{[%clk 0:17:20]} 26. Bd4 {[%clk 0:25:17]} Rxa2 {[%clk 0:16:01]} 0-1